<?xml version="1.0" encoding="UTF-8"?><?xml-stylesheet type="text/xsl" href="static/style.xsl"?><OAI-PMH xmlns="http://www.openarchives.org/OAI/2.0/" xmlns:xsi="http://www.w3.org/2001/XMLSchema-instance" xsi:schemaLocation="http://www.openarchives.org/OAI/2.0/ http://www.openarchives.org/OAI/2.0/OAI-PMH.xsd"><responseDate>2026-04-27T21:50:41Z</responseDate><request verb="GetRecord" identifier="oai:uvadoc.uva.es:10324/68792" metadataPrefix="marc">https://uvadoc.uva.es/oai/request</request><GetRecord><record><header><identifier>oai:uvadoc.uva.es:10324/68792</identifier><datestamp>2025-01-21T08:19:51Z</datestamp><setSpec>com_10324_1167</setSpec><setSpec>com_10324_931</setSpec><setSpec>com_10324_894</setSpec><setSpec>col_10324_1238</setSpec></header><metadata><record xmlns="http://www.loc.gov/MARC21/slim" xmlns:doc="http://www.lyncode.com/xoai" xmlns:xsi="http://www.w3.org/2001/XMLSchema-instance" xmlns:dcterms="http://purl.org/dc/terms/" xsi:schemaLocation="http://www.loc.gov/MARC21/slim http://www.loc.gov/standards/marcxml/schema/MARC21slim.xsd">
<leader>00925njm 22002777a 4500</leader>
<datafield tag="042" ind1=" " ind2=" ">
<subfield code="a">dc</subfield>
</datafield>
<datafield tag="720" ind1=" " ind2=" ">
<subfield code="a">Basterra Otero, Luis Alfonso</subfield>
<subfield code="e">author</subfield>
</datafield>
<datafield tag="720" ind1=" " ind2=" ">
<subfield code="a">Baño Gómez, Vanesa</subfield>
<subfield code="e">author</subfield>
</datafield>
<datafield tag="720" ind1=" " ind2=" ">
<subfield code="a">López Rodríguez, Gamaliel</subfield>
<subfield code="e">author</subfield>
</datafield>
<datafield tag="720" ind1=" " ind2=" ">
<subfield code="a">Cabrera Perdigón, Gonzalo</subfield>
<subfield code="e">author</subfield>
</datafield>
<datafield tag="720" ind1=" " ind2=" ">
<subfield code="a">Vallelado Cordobés, Claudia Patricia</subfield>
<subfield code="e">author</subfield>
</datafield>
<datafield tag="260" ind1=" " ind2=" ">
<subfield code="c">2023</subfield>
</datafield>
<datafield tag="520" ind1=" " ind2=" ">
<subfield code="a">The construction sector has one of the most polluting economic activities. In this context, several policies are being launched by the European Union to promote the transition to a sustainable economy, and timber construction is a safe way to contribute to it. Due to the recent development of multistorey timber buildings, the architectural and structural typologies have not been widely studied yet and with not many studies from Southern Europe. In this context, the main objective of this research is to identify and analyse the trends in the use of wood as a structural material in multistorey timber buildings (≥4 floors) in the SUDOE region, i.e., Spain, Portugal, and Southwest France. The methodology involved identifying 28 timber buildings in the SUDOE region and 101 worldwide, most of them in Europe, and sending online information request forms to different actors involved in their design and construction, collecting plans and BIM models, and performing technical study visits to the identified reference buildings. The collected information was included in open-access technical datasheets, and different indicators in terms of building uses, structural system, wood species, and wood volume, among others, were defined. The results showed that there is a tendency to construct taller timber buildings in the SUDOE region with a predominant use of local softwood species, with ratios of wood volume per built area varying between 0.3 and 0.4 m3/m2. The mass timber typology using cross-laminated timber (CLT) is mainly used for residential buildings, while post and beam are used for educational and offices buildings. In addition, a potential embodied CO2 equivalent depending on the building typology and use was also analysed.</subfield>
</datafield>
<datafield tag="024" ind2=" " ind1="8">
<subfield code="a">Buildings, 2023, Vol. 13, Nº. 6, 1501</subfield>
</datafield>
<datafield tag="024" ind2=" " ind1="8">
<subfield code="a">2075-5309</subfield>
</datafield>
<datafield tag="024" ind2=" " ind1="8">
<subfield code="a">https://uvadoc.uva.es/handle/10324/68792</subfield>
</datafield>
<datafield tag="024" ind2=" " ind1="8">
<subfield code="a">10.3390/buildings13061501</subfield>
</datafield>
<datafield tag="024" ind2=" " ind1="8">
<subfield code="a">1501</subfield>
</datafield>
<datafield tag="024" ind2=" " ind1="8">
<subfield code="a">6</subfield>
</datafield>
<datafield tag="024" ind2=" " ind1="8">
<subfield code="a">Buildings</subfield>
</datafield>
<datafield tag="024" ind2=" " ind1="8">
<subfield code="a">13</subfield>
</datafield>
<datafield tag="024" ind2=" " ind1="8">
<subfield code="a">2075-5309</subfield>
</datafield>
<datafield ind1=" " ind2=" " tag="653">
<subfield code="a">Building, Wooden</subfield>
</datafield>
<datafield ind1=" " ind2=" " tag="653">
<subfield code="a">Wooden-frame buildings</subfield>
</datafield>
<datafield ind1=" " ind2=" " tag="653">
<subfield code="a">Building materials</subfield>
</datafield>
<datafield ind1=" " ind2=" " tag="653">
<subfield code="a">Construcción - Materiales</subfield>
</datafield>
<datafield ind1=" " ind2=" " tag="653">
<subfield code="a">Structural materials</subfield>
</datafield>
<datafield ind1=" " ind2=" " tag="653">
<subfield code="a">Estructuras - Diseño</subfield>
</datafield>
<datafield ind1=" " ind2=" " tag="653">
<subfield code="a">Estructuras de madera</subfield>
</datafield>
<datafield ind1=" " ind2=" " tag="653">
<subfield code="a">Wood</subfield>
</datafield>
<datafield ind1=" " ind2=" " tag="653">
<subfield code="a">Madera</subfield>
</datafield>
<datafield ind1=" " ind2=" " tag="653">
<subfield code="a">Buildings - Design and construction</subfield>
</datafield>
<datafield ind1=" " ind2=" " tag="653">
<subfield code="a">Edificios - Diseño y construcción</subfield>
</datafield>
<datafield ind1=" " ind2=" " tag="653">
<subfield code="a">Spain</subfield>
</datafield>
<datafield ind1=" " ind2=" " tag="653">
<subfield code="a">España</subfield>
</datafield>
<datafield ind1=" " ind2=" " tag="653">
<subfield code="a">Portugal</subfield>
</datafield>
<datafield ind1=" " ind2=" " tag="653">
<subfield code="a">France</subfield>
</datafield>
<datafield ind1=" " ind2=" " tag="653">
<subfield code="a">Francia</subfield>
</datafield>
<datafield ind1=" " ind2=" " tag="653">
<subfield code="a">Sustainable architecture</subfield>
</datafield>
<datafield ind1=" " ind2=" " tag="653">
<subfield code="a">Arquitectura sostenible</subfield>
</datafield>
<datafield ind1=" " ind2=" " tag="653">
<subfield code="a">Architecture</subfield>
</datafield>
<datafield tag="245" ind1="0" ind2="0">
<subfield code="a">Identification and trend analysis of multistorey timber buildings in the SUDOE region</subfield>
</datafield>
</record></metadata></record></GetRecord></OAI-PMH>